Sports Quiz

Random Sports or Soccer Quiz

Field, Court, or Neither? Quiz Stats

 Plays Quiz Updated Aug 28, 2019

Score 0/20 Timer 02:00
0 Plays Today
Question Answer Wrong Answers
American Football Field
94.8%
Court
0.3%
Neither
0.6%
Rowing Neither
94.2%
Field
1%
Court
0.6%
Auto Racing Neither
93.6%
Field
1.3%
Court
0.7%
Tennis Court
93.4%
Field
1.7%
Neither
0.5%
Basketball Court
93%
Field
1.8%
Neither
0.9%
Boxing Neither
92.9%
Field
0.4%
Court
2.4%
Rugby Field
92%
Court
0.7%
Neither
3%
Bowling (Ten-Pin) Neither
91.7%
Field
1%
Court
3%
Volleyball Court
91.2%
Field
1.9%
Neither
2.5%
Football (Soccer) Field
90.7%
Court
0.3%
Neither
4.7%
Lacrosse Field
90.3%
Court
3.3%
Neither
2.2%
Baseball Field
90.3%
Court
2.2%
Neither
3.3%
Racquetball Court
90.1%
Field
2.9%
Neither
2.7%
Badminton Court
89.5%
Field
3.2%
Neither
3%
Ice Hockey Neither
85.2%
Field
4.7%
Court
5.9%
Cricket Field
83.2%
Court
3.6%
Neither
8.9%
Squash Court
83%
Field
6.3%
Neither
6.4%
Golf Neither
82.5%
Field
11.4%
Court
2%
Polo Field
74.4%
Court
3.3%
Neither
18.1%
Pickleball Court
57.4%
Field
16.5%
Neither
21.6%

You're not logged in!

Compare scores with friends on all Sporcle quizzes.
OR
Log In

Sporcle TV

Today on Sporcle TV


Watch our educational content, quiz creation guides, and fun videos on Sporcle TV.

Show Comments

Extras

Top Quizzes Today


Score Distribution

Your Account Isn't Verified!

In order to create a playlist on Sporcle, you need to verify the email address you used during registration. Go to your Sporcle Settings to finish the process.

Report this User

Report this user for behavior that violates our Community Guidelines.

Details: